| 000 | 00945nam a22002297a 4500 | ||
|---|---|---|---|
| 005 | 20240530110553.0 | ||
| 008 | 160730s2013 ua ||||g b 00| 0 ara d | ||
| 017 |
_a2013/8971 _bمصر. دار الكتب الوطنية |
||
| 020 | _a9789773832714 | ||
| 040 | _aEG-CaGPL | ||
| 082 | 0 | 4 |
_a219.7/ _bخ ت _221 |
| 100 | 0 | _aخالد محمد يوسف التويم | |
| 245 | 1 | 2 |
_aالتبعية الفكرية في مجال التربية وعلاجها من منظور اسلامي / _cاعداد خالد محمد يوسف التويم. |
| 250 | _aط. 1. | ||
| 260 |
_aالقاهرة : _bايتراك للطباعة والنشر والتوزيع، _c2013. |
||
| 300 |
_a456 ص. ؛ _c24 سم. |
||
| 504 | _aببليوجرافية : ص. 430-456 | ||
| 650 | 4 | _aالاسلام والاصلاح التعليمي | |
| 650 | 4 | _aالاسلام والاصلاح الثقافي | |
| 942 |
_2ddc _cBK |
||
| 999 |
_c62512 _d62512 |
||